Guess the classic rock artist from lyrics - Statistics

General Stats
  • This quiz has been taken 132 times
  • The average score is 10 of 15
Answer Stats
Hint Answer % Correct
You've beenThunderstruck ACDC
94%
Mamma Oooohhh I don't want to die I sometimes wish I'd never been born at all Queen
92%
On a dark desert highwayCool wind in my hair Warm smell of colitas Rising up through the air Eagles
83%
There is a house in new orleans The Animals
83%
I was made for loving you, babyYou were made for loving me I can't get enough of you, baby Can you get enough of me? Kiss
79%
LaylaYou've got me on my knees Layla I'm begging, darling, please Derek and the dominos / Eric Clapton
77%
HelloIs there anybody in there Just nod if you can hear me Pink Floyd
70%
Now and then when I see her faceIt takes me away to that special place And if I stare too long I'd probably break down and cry Guns N' Roses
69%
We come from the land of the ice and snowFrom the midnight sun where the hot springs flow The hammer of the Gods Will drive our ships to new lands Led Zeppelin
66%
Look at them yo-yo'sThat's the way you do it! Play the guitar on the MTV Now that ain't working, that's the way you do it! Dire Straits
63%
Some people call me the space cowboyYeah some people call me the gangster of love Some people call me maurice Steve Miller Band
61%
Love in an elevatorLivin' it up as I'm going down Love in an elevator Loving it up when I'm going down Aerosmith
58%
Jump back, what's that sound?here she comes, full blast and top down Hot shoe! Burning down the avenue! Van Halen
46%
Space may be the final frontier but it's made in a Hollywood basement and Cobain can you hear the spheres singing songs of station to station Red Hot Chili Peppers
34%
Freezin rest his head on a pillow made of concreteOh feeling, maybe he'll see a little better, set of days Pearl Jam
27%
No matching quizzes found
Score Distribution
Percent of People with Each Score
Percentile by Number Answered
Your Score History
You have not taken this quiz